01783nab a22003377a 4500999001500000003000400015005001700019008004100036040000700077100002900084245014000113260007300253300001300326500003800339505034600377505012500723505008200848650002300930650004600953650001700999650002701016650002401043650004401067650002501111650003501136650003201171650003401203650003501237773016001272942001301432 c5619d5619OSt20251222225825.0190429b xxu||||| |||| 00| 0 spa d cPJ 95299aSosa Dopazo, David13aEl silencio no es un sí : bla prueba del consentimiento en delitos sexuales desde una perspectiva de género /cDavid Sosa Dopazo.  cCiudad Autónoma de Buenos Aires :aThomson Reuters La Ley, b2025. ap. 57-65 aCita: TR LALEY AR/DOC/2846/2025.  a Sumario: I. Introducción.— II. Violencia de género: concepto y función epistemológica.— III. La perspectiva de género en el proceso penal.— IV. El consentimiento.— V. Consentimiento y perspectiva de género.— VI. El fallo bajo análisis: consentimiento, resistencia física y prueba contextual.— VII. Conclusiones.  aFallo comentado: JRec, Río Gallegos ~ 06/05/2025 ~ M. M. A. s/ amenazas calificadas, lesiones, daño y abuso sexual. tSi te interesa el texto completo, solicitalo a koha@justierradelfuego.gov.ar  09343aDERECHO PENAL 092902aDELITOS CONTRA LA INTEGRIDAD SEXUAL 091975aPRUEBA 09586aDEFENSA EN JUICIO 09180aDEBIDO PROCESO 092083aRECURSO DE APELACIÓN (PROCESAL) 095585aCONSENTIMIENTO 094885aDERECHOS DE LA VÍCTIMA 093053aVIOLENCIA DE GÉNERO 094044aPERSPECTIVA DE GÉNERO 094885aDERECHOS DE LA VÍCTIMA0 0265893164tRevista de derecho penal y criminología. Nº 11 - Diciembre 2025dCiudad Autónoma de Buenos Aires : Thomson Reuters La Ley, 2017-x00347914 2udccANA